000 00417nam a2200181Ia 4500
001 2254
005 20260306143828.0
008 260306t2018||||xx |||||||||||||| ||spa||
041 _aESP
082 _a616.8
_bZ42 2018
100 _aZarranz, Juan José
_eAUT
245 0 _aNeurología
260 _c2018
300 _axviii, 840 páginas :
_c28 cm.
650 _aGEN
654 _aCPS
942 _cLIB
_dJUS
_fJUS
_2ddc
_n
999 _c2254
_d2254